Errate den Song am Songtext #6 - Statistiken

Allgemein
  • Dieses Quiz wurde 324 mal gespielt
  • Das Durchschnittsergebnis liegt bei 56 aus 200
Antwortstatistiken
Antwort % Korrekt
(I
99%
a
92%
you
90%
the
75%
is
65%
be
62%
and
58%
my
57%
to
56%
no)
54%
no
54%
Dont
38%
dont
38%
(dont
38%
of
38%
this
37%
This
37%
by
35%
up
24%
with
23%
every
22%
Every
22%
about
20%
thing
20%
Baby
18%
Cause
18%
little
16%
gonna
15%
girl
14%
worry
14%
(worry
14%
worry)
14%
sun
13%
wont
13%
alright
11%
mornin
10%
Three
10%
Singin
9%
bout
8%
smile
8%
true
8%
birds
7%
message
7%
Rise
7%
sweet
6%
risin
5%
things
5%
doorstep
4%
rising
4%
Singing
4%
songs
4%
melodies
3%
pure
3%
Sayin
3%
pitched
1%
Hmm
0%
Keine übereinstimmenden Quizze gefunden
Verteilung der Resultate
Anzahl Personen mit jedem Resultat
Perzentil nach korrekt beantworteten Fragen
Ihre Resultats-Entwicklung
Sie haben dieses Quiz noch nicht gespielt